| 000 | 00527nam a2200193Ia 4500 | ||
|---|---|---|---|
| 005 | 20250508150755.0 | ||
| 008 | 008 250505s9999 xx 000 0 hin d | ||
| 037 | _aTextual | ||
| 040 |
_aFEDL _beng _cFEDL |
||
| 041 |
_ahin _2hin |
||
| 084 |
_a394, SHA _qFEDL |
||
| 100 |
_aSharma Ramanugreh _9757611 |
||
| 245 | 0 | _aHindu taoharon ki katha, Bhagh 2 | |
| 260 |
_aBihar, India _bAdult Education Board |
||
| 300 | _a106p | ||
| 490 | _aLok sahitya; 21 | ||
| 942 |
_cTEXL _h394, SHA |
||
| 999 |
_c1325594 _d1325594 |
||